Обзор Азербайджанской нефтяной промышленности ... Г. изд. 9 [1928-29 г.]: за 1928-29 операционный год (Запись № 13560538)

Подробности
000 -МАРКЕР
контрольное поле 01435nam2a2200241 4500
001 - ИДЕНТИФИКАТОР ЗАПИСИ
контрольное поле rc\2637125
005 - ИДЕНТИФИКАТОР ВЕРСИИ
контрольное поле 20260315042319.0
035 ## - ДРУГИЕ СИСТЕМНЫЕ НОМЕРА
Идентификатор записи (NLR Aleph) 006945322
100 ## - ДАННЫЕ ОБЩЕЙ ОБРАБОТКИ
Данные общей обработки 20110602d1930 u y0rusy50 ca
101 0# - ЯЗЫК РЕСУРСА
Язык текста, звукозаписи и т.д. русский
102 ## - СТРАНА ПУБЛИКАЦИИ ИЛИ ПРОИЗВОДСТВА
Страна публикации Российская Федерация
105 ## - ПОЛЕ КОДИРОВАННЫХ ДАННЫХ: ТЕКСТОВЫЕ МАТЕРИАЛЫ, МОНОГРАФИЧЕСКИЕ
Кодированные данные о монографическом текстовом документе y z |||||
200 1# - ЗАГЛАВИЕ И СВЕДЕНИЯ ОБ ОТВЕТСТВЕННОСТИ
Основное заглавие за 1928-29 операционный год
Первые сведения об ответственности С предисл. управляющего трестом "Азнефть" М.В. Баринова
210 ## - ПУБЛИКАЦИЯ, РАСПРОСТРАНЕНИЕ И ДР.
Место издания, распространения и т.д. Баку
Имя издателя, распространителя и т. д. Гос. Объединение Азерб. Нефтяной промышленности "Азнефть". Статистический отдел
Дата издания, распространения и т.д. 1930
Имя изготовителя Тип. "Красный Восток"
215 ## - ФИЗИЧЕСКАЯ ХАРАКТЕРИСТИКА
Специфическое обозначение материала и объем 12, 116, 418 с.
Размеры 30х21 см
461 #0 - УРОВЕНЬ НАБОРА
Встроенное поле 001rc\2637124
-- 2001#$aОбзор Азербайджанской нефтяной промышленности ...$fГос. Объединение Азерб. Нефтяной Пром-сти. (Азнефть)$vГ. изд. 9 [1928-29 г.]
Системный номер (АБИС) связанной записи 5192996
Автор "Азнефть", трест (Баку)
Место публикации Баку
Дата публикации 1927-1933
Первые сведения об ответственности Гос. Объединение Азерб. Нефтяной Пром-сти. (Азнефть)
Имя издателя, распространителя и т.д. Б. и.
Заглавие Обзор Азербайджанской нефтяной промышленности ...
Номер тома Г. изд. 9 [1928-29 г.]
702 #1 - ИМЯ ЛИЦА - ВТОРИЧНАЯ ОТВЕТСТВЕННОСТЬ
Начальный элемент ввода Баринов
Часть имени, кроме начального элемента ввода М.В.
Код отношения Автор введения, предисловия, примечания и т.п.
801 #0 - ИСТОЧНИК ЗАПИСИ
Страна Российская Федерация
Организация NLR
Правила каталогизации psbo
801 #1 - ИСТОЧНИК ЗАПИСИ
Страна Российская Федерация
Организация ELAR
Источник данных rusmarc
852 ## - МЕСТОНАХОЖДЕНИЕ И ШИФР ХРАНЕНИЯ
Идентификатор организации NLR
Шифр хранения (Call Number) 38.80.2.54
942 ## - ДОПОЛНИТЕЛЬНЫЕ ЭЛЕМЕНТЫ ЗАПИСИ (АБИС)
Тип экземпляра АБИС Неопределено
980 ## - КОЛЛЕКЦИЯ
Название коллекции Национальная библиография

Нет доступных экземпляров.